| 000 | 01407 a2200205 4500 | ||
|---|---|---|---|
| 001 | 34399 | ||
| 005 | 20260407155631.0 | ||
| 008 | 260407a1976 arg spa d | ||
| 003 | AR-UNSa-BCEJYS | ||
| 040 |
_aAR-UNSa-BCEJYS _bspa _cAR-UNSa-BCEJYS |
||
| 080 |
_a658.012 _xMétodos (Management...) |
||
| 245 | 1 | 0 | _aMetodología del análisis y diseño de sistemas administrativos |
| 250 | _a2a. ed | ||
| 264 | 1 |
_aBuenos Aires : _bEl Coloquio _c1976 |
|
| 300 |
_a399 p. _c21 cm. |
||
| 505 | _a1. Introducción al estudio de sistemas - 2. El esquema básico del sistema de trabajo de la empresa - 3. El estudio de sistemas como medio para lograr efectividad y economía - 4. Metodología del análisis de sistemas - 5. Primera etapa: Estudio preliminar, definición del objetivo y determinación de la finalidad del mandato - 6. Segunda etapa: Planeamiento del proyecto. Presentación del plan de trabajo - 7. Tercera etapa: Planeamiento del proyecto.Presentación del plan de trabajo - 8. Técnicas de relevamiento de información recolección y comprobación - 9. Las relaciones humanas y la recolección de hechos: la resistencia al cambio - 10. Técnicas para el registro de los hechos - 11. Representación gráfica de los procedimientos - 12. Cuarta etapa: Diagnóstico,evaluación y análisis de los hechos. | ||
| 942 | _cBK | ||
| 590 | _aniveau_biblio:m niveau_hierar:0 | ||
| 100 | 1 | _aLardent, Alberto R. | |
| 999 |
_c2443 _d2443 |
||